There was an old pirate who swallowed a map! / (Record no. 5161)
[ view plain ]
| 000 -LEADER | |
|---|---|
| fixed length control field | 01033nam a22003017a 4500 |
| 001 - CONTROL NUMBER | |
| control field | 5161 |
| 003 - CONTROL NUMBER IDENTIFIER | |
| control field | FISKH |
| 005 - DATE AND TIME OF LATEST TRANSACTION | |
| control field | 20241108104444.0 |
| 008 - FIXED-LENGTH DATA ELEMENTS--GENERAL INFORMATION | |
| fixed length control field | 241108b cb ||||| |||| 00| 0 eng d |
| 020 ## - INTERNATIONAL STANDARD BOOK NUMBER | |
| International Standard Book Number | 9781338227895 |
| 040 ## - CATALOGING SOURCE | |
| Original cataloging agency | FISKH |
| Language of cataloging | eng |
| Transcribing agency | FISKH |
| Modifying agency | FISKH |
| 050 ## - LIBRARY OF CONGRESS CALL NUMBER | |
| Classification number | PZ8.C6654 |
| 082 ## - DEWEY DECIMAL CLASSIFICATION NUMBER | |
| Classification number | 782.42 |
| 100 ## - MAIN ENTRY--PERSONAL NAME | |
| Personal name | Calandro, Lucille |
| Dates associated with a name | (1940-) |
| 245 ## - TITLE STATEMENT | |
| Title | There was an old pirate who swallowed a map! / |
| Statement of responsibility, etc. | by Lucille Colandro illustrated by Jared Lee |
| 250 ## - EDITION STATEMENT | |
| Edition statement | First printing in 2018 |
| 260 ## - PUBLICATION, DISTRIBUTION, ETC. | |
| Place of publication, distribution, etc. | New York : |
| Name of publisher, distributor, etc. | Scholastic, |
| Date of publication, distribution, etc. | 2018. |
| 300 ## - PHYSICAL DESCRIPTION | |
| Extent | 63 pages : |
| Other physical details | Color illustrations ; |
| Dimensions | 23 cm |
| 505 ## - FORMATTED CONTENTS NOTE | |
| Formatted contents note | G<br/> |
| 520 ## - SUMMARY, ETC. | |
| Summary, etc. | In this adaptation of the traditional nursery rhyme, a pirate swallows a treasure map, while two children lead the reader through the adventure which becomes a ride at the amusement park. |
| 521 8# - TARGET AUDIENCE NOTE | |
| Target audience note | 370L<br/> |
| Source | Lexile<br/> |
| 521 8# - TARGET AUDIENCE NOTE | |
| Target audience note | G<br/> |
| Source | Raz-Plus<br/> |
| 650 ## - SUBJECT ADDED ENTRY--TOPICAL TERM | |
| Source of heading or term | Rhyming |
| Topical term or geographic name entry element | Fiction |
| 650 ## - SUBJECT ADDED ENTRY--TOPICAL TERM | |
| Source of heading or term | Pirates |
| Topical term or geographic name entry element | Repetition |
| 700 ## - ADDED ENTRY--PERSONAL NAME | |
| Personal name | Lee, Jared |
| Dates associated with a name | Illustrator |
| 942 ## - ADDED ENTRY ELEMENTS (KOHA) | |
| Source of classification or shelving scheme | Dewey Decimal Classification |
| Koha item type | Books |
| Suppress in OPAC | No |
| Withdrawn status | Lost status | Source of classification or shelving scheme | Damaged status | Not for loan | Collection | Home library | Current library | Shelving location | Date acquired | Total Checkouts | Full call number | Barcode | Date last seen | Copy number | Price effective from | Koha item type |
|---|---|---|---|---|---|---|---|---|---|---|---|---|---|---|---|---|
| Dewey Decimal Classification | Fiction | Footprints International School Library Network Toul Kork Campus | Footprints International School Library Network Toul Kork Campus | TK Primary Library Room(4th Floor), Bookcase 7, Shelves 57-60, Dark Green Books | 11/08/2024 | COL 782.42 PZ8.C6654 | 2024-2306 | 11/08/2024 | 1 | 11/08/2024 | Books |
